Taking the EU to Court (Record no. 76593)

MARC details
000 -LEADER
fixed length control field 00729nam a2200217Ia 4500
008 - FIXED-LENGTH DATA ELEMENTS--GENERAL INFORMATION
fixed length control field 220705s9999||||xx |||||||||||||| ||und||
020 ## - INTERNATIONAL STANDARD BOOK NUMBER
International Standard Book Number 978-3-030-21628-3
020 ## - INTERNATIONAL STANDARD BOOK NUMBER
International Standard Book Number 978-3-030-21629-0
040 ## - CATALOGING SOURCE
Transcribing agency Springer
041 ## - LANGUAGE CODE
Language code of text/sound track or separate title English
100 ## - MAIN ENTRY--PERSONAL NAME
Personal name Emmanuelle Mathieu
100 ## - MAIN ENTRY--PERSONAL NAME
Personal name Michael W. Bauer
100 ## - MAIN ENTRY--PERSONAL NAME
Personal name Miriam Hartlapp
100 ## - MAIN ENTRY--PERSONAL NAME
Personal name Christian Adam
245 #0 - TITLE STATEMENT
Title Taking the EU to Court
260 ## - PUBLICATION, DISTRIBUTION, ETC.
Name of publisher, distributor, etc. Springer International Publishing
Date of publication, distribution, etc. 2020
490 ## - SERIES STATEMENT
Series statement Palgrave Studies in European Union Politics
International Standard Serial Number 2662-5881
650 ## - SUBJECT ADDED ENTRY--TOPICAL TERM
Topical term Political Science and International Studies
856 ## - ELECTRONIC LOCATION AND ACCESS
DOI <a href="https://doi.org/10.1007/978-3-030-21629-0">https://doi.org/10.1007/978-3-030-21629-0</a>
Uniform Resource Identifier <a href="https://link.springer.com/openurl?genre=book&isbn=978-3-030-21629-0">https://link.springer.com/openurl?genre=book&isbn=978-3-030-21629-0</a>
942 ## - ADDED ENTRY ELEMENTS (KOHA)
Koha item type E-Books

No items available.

Rights reserved ©2021 ST. THOMAS COLLEGE LIBRARY
A joint venture of - St. Thomas College Library and
Department of Computer Science, St. Thomas Collge Palai